Statistics for (Animal) Species in Sonic

Click here to take the quiz!

General Stats

  • This quiz has been taken 66 times
  • The average score is 10 of 11

Answer Stats

Name Species % Correct
RougeBat
98%
SonicHedgehog
98%
TailsFox
96%
BlazeCat
96%
EggmanMan
96%
CreamRabbit
94%
VectorCrocodile
92%
Metal SonicRobot
90%
EspioChameleon
82%
KnucklesEchidna
80%
ChaosChao
51%

Score Distribution

Percentile by Number Answered

Percent of People with Each Score

Your Score History

You have not taken this quiz